Public-private partnership in urban development: with reference to services, housing and infrastructure (Record no. 492319)

000 -LEADER
fixed length control field 00503cam a22001337a 4500
008 - FIXED-LENGTH DATA ELEMENTS--GENERAL INFORMATION
fixed length control field 180718b1993 xxu||||| |||| 00| 0 eng d
082 ## - DEWEY DECIMAL CLASSIFICATION NUMBER
Classification number PROJ.REP. 1993/MIS
100 ## - MAIN ENTRY--PERSONAL NAME
Personal name Misra, Girish K.
245 ## - TITLE STATEMENT
Title Public-private partnership in urban development: with reference to services, housing and infrastructure
Statement of responsibility, etc. by Girish K. Misra and G.C. Mathur
260 ## - PUBLICATION, DISTRIBUTION, ETC.
Place of publication, distribution, etc. New Delhi
Name of publisher, distributor, etc. Indian Institute of Public Administration
Date of publication, distribution, etc. 1993
300 ## - PHYSICAL DESCRIPTION
Extent 194p.
440 ## - SERIES STATEMENT/ADDED ENTRY--TITLE
Title IIPA Working Paper, 1993: 1
700 ## - ADDED ENTRY--PERSONAL NAME
Personal name Mathur, G.C.
Holdings
Withdrawn status Lost status Damaged status Not for loan Permanent Location Current Location Date acquired Full call number Barcode Date last seen Price effective from Koha item type
        Indian Institute of Public Administration Indian Institute of Public Administration 2018-08-04 PROJ.REP. 1993/MIS GR16166 2018-08-04 2018-08-04 GR

Powered by Koha